000 01155nam a2200289 i 4500
001 188880
003 SpMaBN
005 20250828114221.0
008 190220s2017 sp a |||| | spa d
020 _a978-84-277-2036-7
080 _a37.015.3
080 _a612.821
245 0 0 _aNeurociencia educativa
_b: mente, cerebro y educación /
_cDavid A. Sousa (ed.), con la colaboración de Eric Jensen, Sheryl G. Feinstein, Pamela Nevills ... [et al.] ; prólogo a la edición española de José Antonio Marina ; [traducción, Sara Alcina Zayas].
250 _a2ª ed.
260 _aMadrid :
_bNarcea,
_c2017.
300 _a198 p. :
_bil., gráf. ;
_c24 cm.
490 1 _aEducación hoy.
_aEstudios
504 _aBibliografía: p. [191]-198.
650 0 7 _aPsicología de la educación
_2embne
_916558
650 7 _aAprendizaje-
_xAspectos fisiológicos.
_9166397
700 1 _aSousa, David A.
_9166399
700 1 _aMarina, José Antonio.
_976822
830 0 0 _aColección educación hoy (Narcea)
_9220320
852 _aES-MaACL
_jA-14381
_9196014
_bR.151746
_cDEPO1
_dOlim: N-7381
942 _2udc
_cMONOGRAFIA
999 _c188880
_d188880